<?xml version="1.0" encoding="UTF-8"?><?xml-stylesheet type="text/xsl" href="static/style.xsl"?><OAI-PMH xmlns="http://www.openarchives.org/OAI/2.0/" xmlns:xsi="http://www.w3.org/2001/XMLSchema-instance" xsi:schemaLocation="http://www.openarchives.org/OAI/2.0/ http://www.openarchives.org/OAI/2.0/OAI-PMH.xsd"><responseDate>2026-06-07T05:25:42Z</responseDate><request verb="GetRecord" identifier="oai:riuma.uma.es:10630/24264" metadataPrefix="marc">https://riuma.uma.es/rest/oai/request</request><GetRecord><record><header><identifier>oai:riuma.uma.es:10630/24264</identifier><datestamp>2026-02-03T12:28:48Z</datestamp><setSpec>com_10630_2254</setSpec><setSpec>col_10630_37959</setSpec></header><metadata><record xmlns="http://www.loc.gov/MARC21/slim" xmlns:dcterms="http://purl.org/dc/terms/" xmlns:doc="http://www.lyncode.com/xoai" xmlns:xsi="http://www.w3.org/2001/XMLSchema-instance" xsi:schemaLocation="http://www.loc.gov/MARC21/slim http://www.loc.gov/standards/marcxml/schema/MARC21slim.xsd">
   <leader>00925njm 22002777a 4500</leader>
   <datafield ind2=" " ind1=" " tag="042">
      <subfield code="a">dc</subfield>
   </datafield>
   <datafield ind2=" " ind1=" " tag="720">
      <subfield code="a">Sillero-Crovetto, Blanca</subfield>
      <subfield code="e">author</subfield>
   </datafield>
   <datafield ind2=" " ind1=" " tag="260">
      <subfield code="c">2022</subfield>
   </datafield>
   <datafield ind2=" " ind1=" " tag="520">
      <subfield code="a">El artículo 23 de la Convención sobre los Derechos de las Personas con Discapacidad reconoce el derecho de las personas con discapacidad a fundar una familia en iguales condiciones que los demás. El artículo 3 de la Convención de Derechos del Niño de 20 de noviembre de 1989 consagra el principio del “interés superior del menor”, lo que significa que las autoridades sociales, administrativas y jurídicas han de tener en cuenta el interés superior de los niños y niñas cuando tengan que tomar una decisión en relación a ellos. El Convenio para la Protección de los Derechos Humanos y las Libertades Fundamentales declara en su artículo 8, el derecho de toda persona al respeto de su vida privada y familiar, y el Tribunal Europeo de Derechos Humanos ha interpretado que incluye un derechos de los padres a tomar medidas al objeto de poder reunirse con su hijo, y una obligación de las autoridades internas de facilitar dicha reunión. El artículo 92.8 Cc establece que el Juez a instancia de una de las partes y previo informe del Ministerio Fiscal, podrá acordar la guarda y custodia compartida fundamentándola en que solo de esta forma se protege adecuadamente el interés superior del menor. Por su parte, el Tribunal Supremo viene incidiendo en la bondad del sistema de guarda y custodia compartida e interpreta que este régimen debe ser el normal y deseable, permite que el derecho que tienen niños y niñas a relacionarse con ambos progenitores sea efectivo, aun en situaciones de crisis. Se analiza en el presente trabajo la influencia de la discapacidad de alguno de los progenitores en la atribución de la guarda custodia de sus hijos en los procesos de crisis matrimonial o de pareja, partiendo del interés superior del menor como elemento de ponderación en las decisiones de los Tribunales.</subfield>
   </datafield>
   <datafield ind1="8" ind2=" " tag="024">
      <subfield code="a">https://hdl.handle.net/10630/24264</subfield>
   </datafield>
   <datafield tag="653" ind2=" " ind1=" ">
      <subfield code="a">Menores de edad (Derecho)</subfield>
   </datafield>
   <datafield tag="653" ind2=" " ind1=" ">
      <subfield code="a">Minusválidos</subfield>
   </datafield>
   <datafield tag="653" ind2=" " ind1=" ">
      <subfield code="a">Comunicación interpersonal</subfield>
   </datafield>
   <datafield tag="653" ind2=" " ind1=" ">
      <subfield code="a">Régimen de visitas</subfield>
   </datafield>
   <datafield tag="653" ind2=" " ind1=" ">
      <subfield code="a">Custodia de los hijos</subfield>
   </datafield>
   <datafield ind2="0" ind1="0" tag="245">
      <subfield code="a">¿Cómo afecta la discapacidad de los progenitores en el régimen de relaciones personales con sus hijas e hijos menores de edad?</subfield>
   </datafield>
</record>
</metadata></record></GetRecord></OAI-PMH>